Estadísticas para Banderas de los Departamentos de Uruguay

Haz click aquí para intentar la prueba.

Estadísticas generales

  • Esta prueba ha sido intentada 114 veces
  • La puntuación promedio es 12 de 19

Estadísticas de respuestas

Respuesta% Correcto
Tacuarembo
89%
Lavalleja
88%
Flores
87%
Rocha
84%
Salto
73%
Artigas
71%
Canelones
71%
Montevideo
69%
Maldonado
68%
Rivera
64%
Florida
62%
Colonia
59%
Río Negro
59%
Soriano
59%
Durazno
58%
Paysandú
52%
Treinta y tres
48%
San José
46%
Cerro Lago
13%

Distribución de puntuación

Porcentaje por número respondido

Porcentaje de gente con cada puntuación

Historial de tus puntuaciones

No has intentado esta prueba.